000 00445nam a2200181Ia 4500
001 8967
005 20260306160649.0
008 260306t2014||||xx |||||||||||||| ||spa||
041 _aESP
082 _a372.19
_bS29
100 _aSchiller, Pam
_eAUT
245 0 _a500 actividades para el curriculo de educación infantil
260 _c2014
300 _a315 páginas :
_c20 cm.
650 _aGEN
654 _aCED
942 _cLIB
_dJUS
_fJUS
_2ddc
_n
999 _c8967
_d8967